|
|
|
|
| LEADER |
00000cam a2200000 7i4500 |
| 001 |
0000002200 |
| 005 |
20081114093000.0 |
| 020 |
|
|
|a 9679787095
|
| 090 |
0 |
0 |
|a DS597.215.T32
|b N2 2000
|
| 100 |
0 |
|
|a Nadarajah, K. N. ,
|e author
|
| 245 |
1 |
0 |
|a Tengku Ahmad Rithauddeen :
|b his story
|c a biography with K. N. Nadarajah
|
| 260 |
2 |
|
|a Subang Jaya, Selangor :
|b Pelanduk Publications ,
|c c2000
|
| 300 |
|
|
|a 244 p. :
|b ill. (chiefly col.) ;
|c 24 cm.
|
| 504 |
|
|
|a Includes index
|
| 600 |
0 |
0 |
|a Tengku Ahmad Rithauddeen ,
|c Tan Sri Dato' Seri ,
|d 1932-
|
| 650 |
|
0 |
|a Politicians
|z Malaysia
|v Biography
|
| 999 |
|
|
|a 1000083450
|b Book
|c OPEN SHELF (30 DAYS)
|e Gong Badak Campus
|